Reglament orgànic de la Diputació de Barcelona
Descripción Física:
[18] p. ; 14 cm
MARC
| LEADER | 00000nam a2200000Ia 4500 | ||
|---|---|---|---|
| 001 | 8289 | ||
| 008 | 160829s9999 xx 000 0 cat d | ||
| 080 | |a FU-1-43 | ||
| 110 | 1 | |a Barcelona (Catalunya : Província). |b Diputació |9 52408 | |
| 245 | |a Reglament orgànic de la Diputació de Barcelona | ||
| 260 | |a Barcelona : |b Diputació, dl 1985 | ||
| 300 | |a [18] p. ; |c 14 cm | ||
| 590 | |a Hi ha un duplicat amb R. 9693: DUP-21-7 | ||
| 610 | 0 | |a Barcelona (Catalunya : Província). |b Diputació |x Reglaments i procediment |9 54210 | |
| 901 | |a Arxiu | ||
| 942 | |n 1 | ||
| 952 | |0 0 |1 0 |4 0 |6 FU143 |7 1 |9 42447 |a Arxiu |b Arxiu |d 2016-12-01 |l 0 |o FU-1-43 |p 8289 |r 2016-12-01 00:00:00 |w 2016-12-01 |y ARXIU | ||
| 999 | |c 44952 |d 44952 | ||